LIBRARY & INFORMATION CENTRE, KCAET, TAVANUR

ONLINE PUBLIC ACCESS CATALOGUE (OPAC)

Applied numerical methods with MATLAB for engineers and scientists / (Record no. 13419)

MARC details
000 -LEADER
fixed length control field 00511cam a2200181ua 4500
041 ## - LANGUAGE CODE
Language code of text/sound track or separate title eng
082 ## - DEWEY DECIMAL CLASSIFICATION NUMBER
Classification number 515.6124
Item number CHA/AP
100 ## - MAIN ENTRY--AUTHOR NAME
Personal name Chapra, Steven C .
245 ## - TITLE STATEMENT
Title Applied numerical methods with MATLAB for engineers and scientists /
250 ## - EDITION STATEMENT
Edition statement 2 /
260 ## - PUBLICATION, DISTRIBUTION, ETC. (IMPRINT)
Place of publication New Delhi :
Name of publisher Tata Mc-Graw Hill Publishing Company ,
Year of publication 2008.
300 ## - PHYSICAL DESCRIPTION
Number of Pages 588 ; .
942 ## - ADDED ENTRY ELEMENTS (KOHA)
Koha item type Books
Holdings
Withdrawn status Lost status Damaged status Home library Current library Date acquired Full call number Accession Number Koha item type
      KAUAET KAUAET 07/04/2012 515.6124 21938 Books
free website counter